| 000 | 00424nam a2200181Ia 4500 | ||
|---|---|---|---|
| 008 | 180207s9999 xx 000 0 und d | ||
| 020 | _a9780439866507 | ||
| 050 | _bS596 2007 | ||
| 100 | _aSimon, Seymour | ||
| 245 | _aPolar animals / | ||
| 245 | _cby Seymour Simon. | ||
| 260 | _aNew York : | ||
| 260 | _bScholastic, | ||
| 260 | _c2007 | ||
| 300 | _aunpaged : | ||
| 300 | _bcolor illustration ; | ||
| 300 | _c25cm. | ||
| 999 |
_c355475 _d355475 |
||